00486nam a2200157Ia 4500003000400000005001700004008004100021040001800062041000800080082001500088100005700103245008200160260002600242600003000268650003000298OSt20260325115252.0211028s2007 xx 000 0 und d cAIMIT LIBRARY aeng a658.3 FERJ aFernandes, Jocelyn Tonida;Dsouza, Preethi.g50971341 aAn analytical study on teamwork and its effectivenss at Goa marriott resort / bDsouza, Preethic2007 aHuman Resource Management aHuman Resource Management